Disney Channel Original Movies - Statistics

General Stats
  • This quiz has been taken 6,680 times
    5,182 since last reset
  • The average score is 16 of 100
Answer Stats
Hint Answer % Correct
63 High School Musical
82%
71 High School Musical 2
71%
74 Camp Rock
58%
82 Camp Rock 2: The Final Jam
49%
87 Lemonade Mouth
44%
5 Halloweentown
41%
47 The Cheetah Girls
40%
97 Teen Beach Movie
39%
79 Wizards of Waverly Place: The Movie
33%
62 Twitches
32%
6 Zenon: Girl of the 21st Century
29%
26 Zenon: The Zequel
29%
52 Zenon: Z3
29%
80 Starstruck
28%
55 Halloweentown High
27%
34 Halloweentown II: Kalabar's Revenge
27%
69 Jump In!
27%
37 Cadet Kelly
26%
28 The Luck of the Irish
26%
9 Smart House
25%
99 Zapped
24%
65 Wendy Wu: Homecoming Warrior
22%
8 The Thirteenth Year
21%
98 Cloud 9
20%
95 Let It Shine
20%
94 Radio Rebel
20%
10 Johnny Tsunami
19%
73 Minutemen
19%
68 Return to Halloweentown
19%
45 The Even Stevens Movie
19%
85 16 Wishes
18%
4 Brink
18%
90 Geek Charming
18%
91 Good Luck Charlie, It's Christmas!
18%
66 Read It and Weep
18%
64 Cowbelles
17%
93 Frenemies
17%
53 Stuck in the Suburbs
16%
72 Twitches Too
16%
36 Double Teamed
15%
39 Get A Clue
15%
100 How to Build a Better Boy
15%
96 Girl vs. Monster
14%
50 Pixel Perfect
14%
21 Quints
13%
76 Dadnapped
12%
12 Don't Look Under the Bed
12%
77 Hatching Pete
12%
15 The Color of Friendship
12%
2 Under Wraps
12%
46 Eddie's Million Dollar Cook-Off
11%
27 Motocrossed
11%
89 Phineas and Ferb The Movie: Across the 2nd Dimension
11%
78 Princess Protection Program
11%
67 The Cheetah Girls 2
11%
61 The Proud Family Movie
11%
83 Avalon High
10%
59 Go Figure
10%
40 Gotta Kick It Up!
10%
23 Mom's Got a Date With a Vampire
10%
24 Phantom of the Megaplex
10%
17 Rip Girls
10%
86 The Suite Life Movie
10%
7 Can of Worms
9%
81 Den Brother
9%
13 Horse Sense
9%
49 Kim Possible Movie: A Sitch in Time
9%
58 Kim Possible Movie: So the Drama
9%
88 Sharpay's Fabulous Adventure
9%
75 The Cheetah Girls: One World
9%
14 Up, Up, and Away
9%
43 You Wish!
9%
60 Life Is Ruff
8%
56 Now You See It...
8%
25 The Ultimate Christmas Present
8%
3 You Lucky Dog
8%
16 Alley Cats Strike
7%
48 Full-Court Miracle
7%
11 Genius
7%
19 Stepsister from Planet Weird
7%
22 The Other Me
7%
54 Tiger Cruise
7%
29 Hounded
6%
30 Jett Jackson: The Movie
6%
70 Johnny Kapahala: Back on Board
6%
32 Jumping Ship
6%
18 Miracle in Lane 2
6%
44 Right on Track
6%
38 Tru Confessions
6%
41 A Ring of Endless Light
5%
57 Buffalo Dreams
5%
51 Going to the Mat
5%
84 Harriet the Spy: Blog Wars
5%
92 My Babysitter's a Vampire
5%
1 Northern Lights
5%
20 Ready to Run
5%
33 The Poof Point
5%
42 The Scream Team
5%
35 'Twas the Night
5%
31 The Jennie Project
4%
No matching quizzes found
Score Distribution
Percent of People with Each Score
Percentile by Number Answered
Your Score History
You have not taken this quiz since the last reset